000 01110nam a22003497a 4500
001 100
003 FISKH
005 20250826144806.0
008 230223b cb ||||| |||| 00| 0 eng d
010 _a 2001043615
020 _a0439362024
040 _aDLC
_cDLC
_dDLC
_beng
050 _aPB73.S86
082 0 0 _a413.1
100 1 _aStojic, Manya.
245 1 0 _aHello world! :
_bgreetings in 42 languages around the globe! /
_cby Manya Stojic.
260 _aNew York :
_bScholastic,
_c2002.
300 _a38 pages :
_bcolor illustrations ;
_c26 cm
500 _a"Cartwheel books."
500 _aIncludes index.
505 _aA
520 _aChildren from around the world say "hello" in forty-two languages, from Amharic to Zulu.
521 8 _a10
_bLexile estimate
521 8 _aA
_bRaz-Plus
650 0 _aPolyglot glossaries, phrase books, etc.
_vJuvenile literature.
650 1 _aPolyglot glossaries, phrase books, etc.
650 1 _aSalutations.
650 1 _aPolyglot materials.
906 _a7
_bcbc
_corignew
_d1
_eocip
_f20
_gy-gencatlg
942 _2ddc
_cBK
_n0
999 _c100
_d100